Fr. Conceicao Rodrigues College of Engineering

Software Engineering (Record no. 30558)

MARC details
000 -LEADER
fixed length control field 00382nam a2200181Ia 4500
082 ## - DEWEY DECIMAL CLASSIFICATION NUMBER
Classification number 5.1
Item number PRE
100 ## - MAIN ENTRY--PERSONAL NAME
Personal name Pressman/Roger S
250 ## - EDITION STATEMENT
Edition statement 7
245 ## - TITLE STATEMENT
Title Software Engineering
260 ## - PUBLICATION, DISTRIBUTION, ETC.
Name of publisher, distributor, etc. MC Graw-Hill Pub
Date of publication, distribution, etc. 2010
366 ## - TRADE AVAILABILITY INFORMATION
Publishers's discount category 20
300 ## - PHYSICAL DESCRIPTION
Extent 895
546 ## - LANGUAGE NOTE
Language note ENGLISH
650 ## - SUBJECT ADDED ENTRY--TOPICAL TERM
Topical term or geographic name entry element Software Engineering
654 ## - SUBJECT ADDED ENTRY--FACETED TOPICAL TERMS
Focus term software engineering
942 ## - ADDED ENTRY ELEMENTS (KOHA)
Koha item type BOOK
Holdings
Withdrawn status Lost status Damaged status Not for loan Collection Home library Current library Date acquired Source of acquisition Cost, normal purchase price Inventory number Total Checkouts Full call number Barcode Date due Date last seen Date last checked out Cost, replacement price Price effective from Koha item type
        CRC Fr. Agnel's C.Rodrigues College of Engineering AGNEL TECHNICAL COLLEGE LIBRARY 17/03/2023 Shroff Publishers 692.00 03650 dt 22.01.2019 2 5.1 PRE 25464   19/09/2024 05/09/2024 865.00   BOOK
        CRC Fr. Agnel's C.Rodrigues College of Engineering Fr. Agnel's C.Rodrigues- College of Engineering 17/03/2023 Shroff Publishers 692.00 03650 dt 22.01.2019 1 5.1 PRE 25463 17/10/2021 12/06/2023 12/06/2023 865.00   BOOK